[Event "Altibox Chess"]
[Site "Stavanger"]
[Date "2020.10.12"]
[Round "13.3"]
[White "Duda, Jan Krzysztof"]
[Black "Tari, Aryan"]
[Result "1-0"]
[WhiteElo "2757"]
[BlackElo "2633"]
[EventDate "2020.??.??"]
[Annotator "Bojkov,Dejan"]
[PlyCount "53"]
[Beauty "8248753138194"]
[EventType "team-tourn"]
[EventCountry "NOR"]

1.e4 e5 2.Nf3 Nc6 3.Bb5 a6 4.Ba4 f5 {Viktor Korchnoi used this delayed version of the Schliemann in one of his match games against Anatoly Karpov. Back then it had a reputation as a dubious line, suitable for one game only. This assessment will be hardly changed by this game, it seems.} 5.d4 exd4 6.e5 b5 ( {Korchnoi's choice was} 6...Bc5 7.O-O Nge7 8.Bb3 d5 9.exd6 Qxd6 10.Re1 h6 11.Nbd2 b5 12.a4 Bb7 13.axb5 axb5 14.Rxa8+ Bxa8 15.Re6 Qd7 16.Qe2 d3 17.cxd3 Kd8 18.Nf1 Re8 19.Ng3 Nd4 {with irrational complications that eventually ended in a draw in Karpov,A-Korchnoi,V Moscow 1974} ) 7.Bb3 Bb7 8.O-O Na5 9.Nxd4 ( {Morozevich got the better chances after} 9.Bxg8 Rxg8 10.Nxd4 Qh4 11.Nc3 f4 $2 ( {However, Black could have played} 11...O-O-O $5 ) ( {Or} 11...Qg4 $5 {instead with good play in both cases.} ) 12.Nf3 Qg4 13.a4 Nc4 14.axb5 Nxe5 15.Re1 d6 16.bxa6 Bxf3 17.Qxf3 Qxf3 18.gxf3 Kd7 {Morozevich,A (2659)-Sychev,K (2563) Moscow 2019} ) 9...c5 {So far, Tari was blitzing, while Duda was cautiously checking his moves. On his next choice, the Polish GM spent more than 40 minutes.} 10.Nxf5 {Kramnik predicted that this will be White's choice.} ( 10.Bxg8 cxd4 11.Bb3 Nxb3 12.axb3 {yields nothing for White after either} 12...Bc5 ( {or} 12...Qh4 ) ) 10...c4 11.Nc3 $146 {Three seconds were spent on this novelty. Duda speeds up his development, hoping to get to the enemy king while it's still in the center.} ( {An earlier game could have seen Black doing more than fine after} 11.Qg4 Qb6 $1 12.Nd6+ Bxd6 13.exd6 O-O-O 14.Qxg7 Qxd6 {This is not bad.} ( {However, even better would have been} 14...Nf6 $1 15.Qxf6 Rhg8 {with a decisive attack after} 16.g3 Rdf8 17.Qc3 Rf3 $1 ) 15.Bg5 Rf8 ( {Here} 15...Re8 $1 {is more logical:} 16.Qxh8 Qd5 17.f3 Qxg5 {when the threat of Re8-e2 is nasty.} ) 16.Qxh8 Qd5 17.f3 Qxg5 {with an unclear game in Beikert,G (2414) -Buecker,S (2280) Sasbach 2018} ) 11...Qb6 {Time for Tari to think. This is his best choice. The queen is out, ready to attack, and Black may castle long if needed.} ( {The premature capture of the bishop opens the file for the white rook and promises White more attacking chances:} 11...cxb3 12.axb3 Qb6 13.Re1 O-O-O 14.Nd6+ Bxd6 15.exd6 Nf6 16.Be3 Qc6 17.f3 ) 12.Nd5 ( {More straightforward is} 12.Nd6+ Bxd6 13.exd6 {to which best seems} 13...Qc5 14.Re1+ Kf8 15.Ne4 Qf5 16.f3 Re8 {with an unclear position.} ) 12...Bxd5 {The first long thought by Tari and a mistake at once.} ( {He should have tied up the white knights instead with} 12...Qc6 $1 13.Nf4 ( {If} 13.Nde3 Nh6 $1 {is good for Black.} ) 13...O-O-O {Then} 14.Nd4 {should be met with} 14...Qc7 ( {Not} 14...Qb6 15.Be3 ) 15.a4 b4 16.Re1 cxb3 17.cxb3 Kb8 {when White has compensation for the piece but hardly any advantage.} ) 13.Qxd5 Qc6 14.Qd4 Qe6 ( {There is no time to capture the bishop:} 14...cxb3 15.axb3 Nb7 {due to the strong} 16.e6 $1 dxe6 ( {Or} 16...Qxe6 17.Nxg7+ Bxg7 18.Qxg7 Qf6 19.Re1+ Kd8 20.Bg5 {winning instantly.} ) 17.Nxg7+ Kf7 18.Nh5 {with a decisive attack.} ) 15.Nd6+ {Opening the e-file as soon as possible.} ( {Also interesting seems the computer suggestion:} 15.Qe4 $5 d5 16.Qg4 Kd7 {Now both} 17.Qf4 {intending Nf5-d4} ( {and the weird-looking} 17.Qd1 Qxe5 18.Ng3 {promise a serious attack to White.} ) ) 15...Bxd6 16.exd6 Nf6 {After this move, there is no way back.} ( {The only way to keep playing is} 16...Kf7 $1 17.Qc3 Nc6 18.a4 Nf6 ( {Once again there is no time to capture the bishop:} 18...cxb3 19.axb5 Ne5 ( {Or} 19...Nd8 20.Qf3+ ) 20.Re1 ) 19.Ba2 {The bishop is safe, but Black at least consolidates after} 19...Rhe8 {Next Tari would castle by hand and hope that the blocked white bishop can compensate for his pawn deficit.} ) 17.Qc3 {A double attack. Black fell short by a move and could not collect the trapped bishop.} 17...O-O ( {After} 17...Nxb3 {White has a pleasant choice between} 18.Re1 ( {and} 18.axb3 O-O 19.bxc4 {which is also extremely pleasant for White.} ) 18...Nxa1 19.Rxe6+ dxe6 20.b3 {with an edge.} ) 18.Qxa5 Ng4 ( {Nothing changes} 18...cxb3 19.axb3 Qxd6 20.h3 ( {Or even} 20.Qd2 ) ) 19.Qc3 {Duda won material and consolidates his advantage. Tari's opening experiment failed.} ( {Also good is the preliminary} 19.h3 Ne5 20.Qc3 ) 19...Rae8 ( {Once again there are small tactics in case of} 19...Qxd6 20.Bxc4+ bxc4 21.Qxc4+ Kh8 22.Qxg4 ) 20.Bg5 ( {Or} 20.Bxc4 bxc4 21.Bg5 ) 20...cxb3 21.Qxb3 {Two extra pawns are more than enough for the Polish GM to claim the win.} 21...Qxb3 22.axb3 Re2 23.f3 Nf6 24.Rfc1 h6 ( {Again Black comes short by a move in the line} 24...Rc8 25.Bxf6 gxf6 26.Rxa6 Rcxc2 27.Rxc2 Rxc2 28.Ra7 Rxb2 29.Rxd7 Rxb3 30.Re7 ) 25.Kf1 Rfe8 26.Bxf6 gxf6 27.Re1 1-0

[Event "Altibox Chess"]
[Site "Stavanger"]
[Date "2020.10.16"]
[Round "19.1"]
[White "Carlsen, Magnus"]
[Black "Aronian, Levon"]
[Result "0-1"]
[WhiteElo "2863"]
[BlackElo "2767"]
[EventDate "2020.??.??"]
[Annotator "Bojkov,Dejan"]
[PlyCount "115"]
[Beauty "6529558252045"]
[EventType "team-tourn"]
[EventCountry "NOR"]

1.Nf3 d5 2.d4 Nf6 3.c4 e6 4.Nc3 Be7 5.cxd5 exd5 6.Bf4 c6 7.Qc2 g6 {Probably Black's most important idea in the Carlsbad: getting rid of the weak light-squared bishop.} 8.e3 Bf5 9.Bd3 Bxd3 10.Qxd3 Nbd7 11.h4 {This is how White tries to make use of the opponent's weakened kingside nowadays.} 11...a5 {N} ( {The earlier game was another one of Carlsen:} 11...Nb6 12.Ne5 Qc8 {which turned wild after} 13.O-O-O Qe6 14.Kb1 Ne4 15.Qc2 Bb4 16.Nxe4 dxe4 17.h5 g5 18.Bxg5 f6 19.Rh4 fxg5 20.Rxe4 O-O 21.Ng6 Qf7 22.Nxf8 Rxf8 23.Re5 {and Black eventually held, Carlsen,M (2863)-Nakamura,H (2736) chess24.com 2020} ) 12.Kf1 {"I felt this is strange." (Aronian)} ( {Instead, he expected} 12.O-O-O ) 12...a4 {Consistently creating play on his flank. Aronian is not in a hurry to castle any time soon.} 13.a3 ( 13.g3 {followed by Kf1-g2 was Kramnik's idea, but Aronian knew that his opponent will go for the Rh1-h3-g3 maneuver \E0 la the French.} 13...h5 14.Bg5 {"This is the solid way (for White)." (Aronian)} ) 13...Qb6 14.Qc2 h5 15.Bg5 O-O {Now he can. It is evident that Black is doing fine out of the opening.} 16.Ne5 ( {Instead, after} 16.g3 Qa6+ 17.Kg2 Rfe8 {intending Nf6-g4, "Black is super safe." (Aronian)} 18.Bxf6 Nxf6 19.Ne5 c5 ) 16...Rfe8 17.Bxf6 Nxf6 18.Rh3 {"A bit strange." (Aronian)} 18...Qb3 {"At some point I thought I had a big advantage, but then he somehow got everything together." (Aronian)} 19.Qb1 {Carlsen wants to keep the queens on the board as he is still dreaming of a kingside attack.} ( {Perhaps it is time for Carlsen to switch to the defense with} 19.Qxb3 axb3 20.Nd3 Ne4 21.Rc1 Nd2+ 22.Ke2 Nc4 23.Nb1 {when White should be OK.} ) 19...Ne4 $1 {Black firmly takes over the initiative.} 20.Nxe4 dxe4 21.Qxe4 Bd6 22.Rg3 ( {Instead, Kramnik's suggestion} 22.f4 {is refuted by} 22...Qxb2 ( 22...c5 $5 {also looks fine for Black. (Aronian)} ) 23.Rb1 Qxa3 24.Rxb7 Rab8 25.Rxf7 Qa1+ 26.Kf2 Qa2+ 27.Kg1 Qxf7 $1 {(Aronian)} ) ( {But perhaps} 22.Rf3 {would have been a better version of the game continuation after} 22...Bxe5 23.dxe5 Qb5+ ( {True, Black can fight for more with} 23...Rad8 $5 ) 24.Kg1 Rxe5 25.Qc2 ) 22...Bxe5 23.dxe5 Qb5+ 24.Kg1 {With the stronger major pieces and nice queenside majority, all Black needs is to trade the queens and enjoy his edge.} 24...Rxe5 ( {Therefore, the endgame after} 24...Qxe5 $1 25.Qc2 ( {But maybe Aronian was afraid of the direct} 25.Qxe5 Rxe5 26.Rd1 Raa5 27.Rd7 Rab5 28.Rf3 ) 25...Qe4 ( 25...Rad8 $5 ) 26.Qxe4 Rxe4 27.Rd1 Ra5 28.Rd7 Rb5 {"I thought it was on the edge of losing." (Kramnik)} 29.Rf3 f5 30.Rg3 Rg4 {looks indeed close to won for Black.} ) 25.Qd4 ( {Aronian: "Magnus almost took on g6 here"} 25.Rxg6+ {which the Armenian GM would have spectacularly refuted with} 25...Kh7 $3 ( {Rather than} 25...fxg6 26.Qxg6+ Kf8 27.Qf6+ {with perpetual.} ) ) 25...Rd5 {But now Black is obviously better as the rook on g3 makes no sense in the coming endgame.} ( {After} 25...Qd5 {White can try either} 26.Qc3 ( {Or} 26.Qb6 $5 ) ) 26.Qf6 Rf5 27.Qd4 Qe2 28.e4 $1 {"Honestly, I blundered this idea." (Aronian)} 28...Rb5 ( {Apparently Black disliked the fact that his rook is out of the game in case of} 28...Rf4 29.f3 Rxh4 30.Rg5 ) 29.Rb1 Qc2 30.Qd3 {The white pieces are coordinated. "Now it is very drawish." (Kramnik)} 30...Rc5 31.Qxc2 Rxc2 32.b3 b5 33.Rd3 axb3 34.Rbxb3 Ra4 35.Rdc3 {Another weird idea by the world champion.} ( {Simpler is} 35.Rbc3 Rc4 36.Rxc4 Rxc4 37.f3 {when Black is better but not as much as in the game.} ) 35...Rc4 36.Rxc2 Rxc2 37.f3 Kf8 {White is still not out of the woods yet. His opponent has a clear plan of centralizing his king, and then he can start pushing his queenside passers easily.} 38.Kh2 Ke7 {With Carlsen down on time and needing to "take important decisions," Aronian felt that he might still win, although he considered the position a draw.} 39.Kh3 Ke6 40.Rd3 Rc4 ( 40...Ke5 {is more accurate with advantage for Black after} 41.Kg3 Ra2 ) 41.Kg3 {"A bit too passive."(Aronian)} ( {"I did not see anything wrong with"} 41.g4 Ke5 42.Kg3 hxg4 43.Kxg4 Kf6 {although it is obvious that Black is better here as well.} ) 41...Ke5 42.Rd7 Rc3 43.Ra7 ( {The two connected black passers should decide the outcome of the game in case of} 43.Rxf7 Rxa3 ) 43...f6 ( 43...f5 $5 {"I thought too many pawns are exchanged." (Aronian)} 44.exf5 gxf5 45.Re7+ {But Black is close to winning after} 45...Kd4 ) 44.Ra8 Kd6 ( {Aronian knew that the immediate advance} 44...c5 45.Rd8 $1 {is the wrong choice.} ) ( {But instead} 44...Rb3 $1 {is good, and only after} 45.Rc8 Kd6 {thus keeping the white king away.} ) 45.Kf4 $1 {That is the difference. Carlsen activates his kingside.} 45...Kc7 46.g4 Kb7 47.Rg8 hxg4 48.fxg4 Rxa3 49.Rxg6 b4 50.Rxf6 {Nooo! Just a step away from a draw, Carlsen blunders. In a race on the opposite flanks, every tempo counts.} ( 50.h5 $1 b3 51.Rg7+ $3 {This spoiler would have saved Carlsen, e.g.} ( {Not the obvious} 51.h6 Ra8 {(Aronian)} ( {Or even better} 51...b2 {when Black wins in both cases.} ) ) 51...Kb6 52.Rg8 Ra7 53.Rb8+ Rb7 54.Rxb7+ Kxb7 55.h6 b2 56.h7 b1=Q 57.h8=Q {and a draw.} ) ( {During the game Kramnik and Polgar suggested} 50.Rg7+ Kb6 51.Rg8 {which also draws. It transposes after} 51...b3 ( 51...Ra7 52.Rb8+ Rb7 $2 53.Rxb7+ Kxb7 54.Ke3 {even wins for White} ) 52.h5 Ra7 53.Rb8+ Rb7 54.Rxb7+ Kxb7 ) ( {The engine points out that even} 50.g5 {draws here.} ) 50...b3 {The pawns are unstoppable.} 51.Rf7+ Kb6 52.Rf8 Ra7 53.Rb8+ Rb7 54.Rd8 c5 55.Ke3 c4 56.Rd1 c3 57.Rb1 Kc5 58.Kd3 0-1

[Event "Skilling Open | Prelims"]
[Site "?"]
[Date "2020.11.24"]
[Round "12.3"]
[White "Giri, Anish"]
[Black "Firouzja, Alireza"]
[Result "0-1"]
[WhiteElo "2731"]
[BlackElo "2703"]
[EventDate "2020.??.??"]
[Annotator "Bojkov,Dejan"]
[PlyCount "110"]
[Beauty "6668070944800"]
[EventType "game"]

1.e4 c5 {Not the super-solid Caro-Kann today.} 2.Nf3 d6 3.d4 cxd4 4.Nxd4 Nf6 5.Nc3 Nc6 6.Bg5 {Rauzer's recipe remains White's most dangerous choice.} 6...e6 7.Qd2 a6 8.O-O-O Bd7 9.f3 Be7 10.Kb1 Nxd4 11.Qxd4 Qc7 12.g4 ( {Black held his own in another recent top-GM game:} 12.h4 b5 13.Qd2 b4 14.Ne2 a5 15.Nd4 Rb8 16.g4 h5 17.Bxf6 Bxf6 18.g5 Be7 19.b3 g6 20.Bc4 e5 21.Ne2 Be6 22.Bxe6 fxe6 23.f4 O-O {Nakamura,H (2736) -Dubov,D (2699) chess24.com INT 2020} ) 12...h5 13.gxh5 Nxh5 {[#]} 14.Rg1 $146 {Giri is well prepared as usual and blitzes out a novelty. The move in the game underlines the fact that the black king does not have reliable shelter.} ( {The predecessor is another game by Firouzja that went:} 14.h4 Qc5 15.Qd2 b5 16.Bd3 b4 17.Ne2 a5 18.Rhg1 a4 19.Bxe7 Kxe7 20.Rg5 e5 21.f4 f6 22.Rgg1 Be6 {and Black later won in Grischuk,A (2777)-Firouzja,A (2723) Moscow 2019} ) 14...Rc8 15.Qd2 b5 16.Bd3 Bxg5 ( {White is also more pleasant after:} 16...b4 17.Ne2 a5 18.h4 ) 17.Rxg5 {The better choice.} ( {As otherwise Black can centralize his queen after:} 17.Qxg5 Qc5 ) 17...b4 18.Ne2 Qb6 {The most obvious move.} ( {However, there is an interesting alternative:} 18...a5 $5 {which sacrifices a pawn:} 19.Ba6 Ra8 20.Qxd6 Qxd6 21.Rxd6 {But then the king can at last breathe freely:} 21...Ke7 22.Rb6 {And Black will enjoy certain counterplay in the endgame after:} 22...Nf6 ) 19.f4 {Now Giri firmly takes over the initiative.} 19...g6 20.Ng3 Nf6 ( {Worse would have been:} 20...Nxg3 21.hxg3 {As the black king is not safe enough still, e.g.:} 21...Rc5 ( {Or:} 21...Ke7 22.f5 ) 22.Rxc5 dxc5 23.Bxa6 $1 ) 21.f5 $1 {Consistently clearing the road to the black king.} 21...gxf5 22.exf5 e5 ( {The black king is even more vulnerable in case of:} 22...Nd5 23.fxe6 Bxe6 24.Re1 ) 23.Ne4 $1 {Without the knight, all of the dark squares are exposed.} 23...Nxe4 ( {Perhaps Firouzja should have defended with:} 23...d5 24.Nxf6+ Qxf6 {In that case he might have disliked the sacrifice:} 25.Bxa6 $5 ( {There are other moves to fight for an edge like:} 25.Qg2 $5 ) ( {And:} 25.b3 ) 25...Qxa6 26.Qxd5 {But after:} 26...Qb5 27.Qd6 Kd8 {there does not seem to be anything decisive for White, although he has a draw guaranteed with:} 28.Qf6+ Kc7 29.Qd6+ Kd8 ) 24.Bxe4 Rc4 25.Qg2 Kd8 26.Bd3 {This opens the diagonal for the queen with a tempo. Giri is once more eyeing the black king.} ( {However, here the Dutchman missed his first excellent winning chance:} 26.Rg7 $1 Rf8 ( {Nothing changes:} 26...Be8 27.Bd5 Rc7 28.h4 ) 27.Bd5 Rd4 28.Rc1 $1 {is extremely unplesant for Black, most likely unbearable. If:} 28...Ke8 ( 28...Ke7 {leads to the same after:} 29.Qg5+ Ke8 30.Bxf7+ ) ( {Finally:} 28...Be8 29.Qg5+ $1 f6 30.Qg2 {leaves Black helpless against the many attacking ideas for White, starting with the simple Bd5-e6 threat.} ) 29.Bxf7+ $1 Rxf7 30.Qg6 {wins on the spot for White.} ) 26...Rd4 {Firouzja is trying his best to create counter-chances and keeps his pieces centralized.} ( {After:} 26...Rch4 27.Qd5 {White dominates.} ) 27.Rc1 {Missing a second great chance to win at once.} ( {The study-like line:} 27.Rg8+ $1 Rxg8 28.Qxg8+ Be8 29.Qg5+ Kc7 30.Qe7+ Bd7 31.Qxf7 {would have won for White, thanks to the brilliancy:} 31...e4 32.Rc1 $3 exd3 33.cxd3+ {When in order to avoid the mate, Black needs to sacrifice his queen. The mate is:} 33...Kd8 34.Qf8+ Be8 35.Qf6+ Kd7 36.Qe6+ Kd8 37.Rc8# ) 27...Kc7 28.Rg7 Rf8 29.Qg5 ( {Stronger is:} 29.h4 Rxh4 30.Qg5 Rf4 31.Qe7 {when White is close to winning.} ) 29...d5 30.Qe7 {A huge step in the wrong direction.} ( {Missing his last chance for a big advantage with:} 30.h4 $1 a5 31.h5 a4 32.f6 Qd6 33.h6 {when White is likely winning still.} ) 30...Qd6 $1 {The endgame is often the dream of the Sicilian player.} 31.f6 Rf4 32.c4 ( {Perhaps Giri should have tried to hold the endgame after:} 32.Rf1 Re8 33.Qxd6+ Kxd6 34.Rxf7 Rxf1+ 35.Bxf1 Rg8 36.Rg7 Rf8 37.f7 Be6 {althoough Black is clearly better here as well.} ) 32...Qxe7 33.fxe7 Re8 34.cxd5+ Kd6 {Without the queens on the board, this king is simply perfect.} 35.Bxa6 Rxe7 ( {More accurate is the preliminary:} 35...Bf5+ 36.Ka1 Rxe7 ) 36.Bc8 ( {As the white king could have been activated now with:} 36.Kc2 $1 ) 36...Bxc8 37.Rxc8 Kxd5 {The endgame is lost for White. Black's pieces are well coordinated, and his pawns are running fast.} 38.Rg2 e4 39.Rd2+ Ke5 40.Rc5+ Kf6 41.Kc2 Re5 42.Rc7 Kg6 ( {More accurate would have been:} 42...Rf3 43.Kd1 e3 44.Re2 Rf1+ 45.Re1 Rd5+ 46.Ke2 Rxe1+ 47.Kxe1 Rd2 {winning.} ) 43.Kd1 f6 44.Rb7 ( {Here the last chance is:} 44.Rg2+ Rg5 45.Rxg5+ Kxg5 46.Rg7+ Kf5 {although Black should be objectively winning here as well.} ) 44...e3 45.Rg2+ Kf5 {Firouzja consolidates his advantage and comfortably wins.} 46.Ke2 Rd4 47.Ke1 Rc4 48.Rbg7 Rc1+ 49.Ke2 Rc2+ 50.Kd3 e2 51.Rg1 Rxb2 52.Re1 Rxa2 53.Rb7 Kf4 54.Rxb4+ Kf3 55.Rbb1 Kf2 0-1